Sports Quiz

Random Sports or NFL Quiz

Word Ladder: NFL Teams & Terms Quiz Stats

 Plays Quiz not verified by Sporcle

Also try: Is It Offside?
Challenge
Share
Tweet
Embed
Score 0/21 Timer 03:00
0 Plays Today
Clue Word % Correct
Shortened nickname for Green Bay's teamPACK
92.3%
Tackle the QB behind the line of scrimmageSACK
89.3%
Winning team that played in Super Bowl IIIJETS
88.5%
A shorthand term for an interceptionPICK
88.3%
Shortened name of New England's teamPATS
87.7%
Baseball team from the same town as hint #1METS
87.1%
Shortened name of Tampa Bay's teamBUCS
87.1%
How a Bronco or Colt might toss you off its back?BUCK
84.5%
Word that follows half, full and quarterBACK
84.3%
Throwing play on offense in footballPASS
83.7%
To strike or indent with a beak (like a Raven might?)PECK
82.9%
Clue Word % Correct
This team moved from LA to St. Louis in 1994-5RAMS
82.9%
Players who bench press a lot may have big onesPECS
79.8%
A time that is gone... like the AFLPAST
76.4%
Lions, Dolphins & Rams would make bad thesePETS
76.2%
'The ____ of season tickets is way too high!'COST
76.2%
Type of route run by wide receiverPOST
74.8%
Sideline reporter Oliver and other women with her namePAMS
74.4%
Player from the losing team in Super Bowl IIICOLT
61.7%
The 0-16 2008 Detroit Lions were a bunch of theseBUMS
54.8%
The stadium bar may have a collection of theseRUMS
53.8%

You're not logged in!

Compare scores with friends on all Sporcle quizzes.
OR
Log In

You Might Also Like...

Show Comments

Extras

Top Quizzes Today


Score Distribution

Your Account Isn't Verified!

In order to create a playlist on Sporcle, you need to verify the email address you used during registration. Go to your Sporcle Settings to finish the process.

Report this User

Report this user for behavior that violates our Community Guidelines.

Details: